| 000 | 00000nam##2200000za#4500 |
| 001 | 9.692786 |
| 003 | CaOODSP |
| 005 | 20210624233353 |
| 007 | cr ||||||||||| |
| 008 | 150407|2006||||xxc|||||o f|0| 0 eng|d |
| 040 | |aCaOODSP|beng |
| 043 | |an-cn--- |
| 086 | 1 |aA52-167/2006E-PDF |
| 110 | 1 |aCanada. |bAgriculture and Agri-Food Canada. |
| 245 | 10|aCanola disease identification & sclerotinia risk assessment card / |h[electronic resource]|c[Co-published by the] Canola Council of Canada. |
| 260 | |bAgriculture and Agri-Food Canada |cJanuary 2006. |
| 300 | |a2p.|btable, photographs |
| 590 | |a10-10-Supp|b2010-11-09 |
| 690 | 07|aFungi|2gcpds |
| 690 | 07|aFungicides|2gcpds |
| 690 | 07|aPlant diseases|2gcpds |
| 856 | 40|ahttp://publications.gc.ca|qPDF|s1025 KB|uhttps://publications.gc.ca/collections/collection_2009/agr/A52-167-2006E.pdf |